000
00309nam a2200121Ia 4500
008
150201s2008 xx 000 0 und d
082
_a
614.44
_b
P08S
100
_a
SINGH,GPI
245
_a
MCQ'S PREVENTIVE AND SOCIAL MEDICINE
260
_b
ELSEVIER
_a
DELHI
_c
2008
650
_a
COMMUNITY MEDICINE
942
_2
ddc
_c
BK
999
_c
824
_d
824